Gemeinden Landkreis Landsberg am Lech - Statistiken

Allgemein
  • Dieses Quiz wurde 44 mal gespielt
  • Das Durchschnittsergebnis liegt bei 13 aus 31
Antwortstatistiken
Einwohner Gemeindeart Gemeindename % Korrekt
29.228 Große Kreisstadt Landsberg am Lech
93%
10.251 Marktgemeinde Kaufering
77%
10.526 Marktgemeinde Dießen am Ammersee
73%
3.954 Gemeinde Schondorf am Ammersee
63%
4.551 Gemeinde Utting am Ammersee
63%
5.593 Gemeinde Geltendorf
60%
2.357 Gemeinde Egling an der Paar
57%
1.933 Gemeinde Eresing
57%
2.488 Gemeinde Igling
47%
3.622 Gemeinde Penzing
47%
3.814 Gemeinde Windach
47%
1.709 Gemeinde Eching am Ammersee
43%
1.945 Gemeinde Scheuring
43%
2.836 Gemeinde Denklingen
37%
3.990 Gemeinde Fuchstal
37%
3.854 Gemeinde Weil
37%
1.144 Gemeinde Apfeldorf
33%
2.517 Gemeinde Prittriching
33%
1.030 Gemeinde Schwifting
33%
1.453 Gemeinde Unterdießen
33%
2.263 Gemeinde Greifenberg
30%
1.886 Gemeinde Hofstetten
30%
1.942 Gemeinde Hurlach
30%
1.755 Gemeinde Obermeitingen
30%
1.651 Gemeinde Rott
30%
1.044 Gemeinde Thaining
30%
1.949 Gemeinde Finning
27%
3.552 Gemeinde Pürgen
23%
1.701 Gemeinde Reichling
23%
2.721 Gemeinde Vilgertshofen
23%
1.043 Gemeinde Kinsau
13%
Keine übereinstimmenden Quizze gefunden
Verteilung der Resultate
Anzahl Personen mit jedem Resultat
Perzentil nach korrekt beantworteten Fragen
Ihre Resultats-Entwicklung
Sie haben dieses Quiz noch nicht gespielt